La rabassa morta (Record no. 123288)

MARC details
000 -LEADER
campo de control de longitud fija 00732nam a2200205 4500
001 - NÚMERO DE CONTROL
campo de control 123288
003 - IDENTIFICADOR DE NÚMERO DE CONTROL
campo de control ES-MaACL
005 - FECHA Y HORA DE LA ÚLTIMA TRANSACCIÓN
campo de control 20230906192139.0
007 - CAMPO FIJO DE DESCRIPCIÓN FÍSICA--INFORMACIÓN GENERAL
campo de control de longitud fija t|
008 - DATOS DE LONGITUD FIJA--INFORMACIÓN GENERAL
campo de control de longitud fija 070214s1923 sp r ||||0| spa d
245 03 - MENCIÓN DEL TÍTULO
Título La rabassa morta
Resto del título : informe al Instituto de Reformas Sociales y Memoria /
Mención de responsabilidad, etc. ponentes Doctores don Pedro J. Girona, don Jose Mª Boix, don Antonio Jansana.
260 ## - PUBLICACIÓN, DISTRIBUCIÓN, ETC.
Lugar de publicación, distribución, etc. Barcelona :
Nombre del editor, distribuidor, etc. Instituto Agrícola Catalán de San Isidro,
Fecha de publicación, distribución, etc. 1923.
300 ## - DESCRIPCIÓN FÍSICA
Extensión 108 p ;
Dimensiones 23 cm.
700 1# - ENTRADA AGREGADA--NOMBRE PERSONAL
Nombre de persona Girona, Pedro J.
9 (RLIN) 216052
700 1# - ENTRADA AGREGADA--NOMBRE PERSONAL
Nombre de persona Boix, José María.
9 (RLIN) 29894
700 1# - ENTRADA AGREGADA--NOMBRE PERSONAL
Nombre de persona Jansana, Antonio.
9 (RLIN) 66051
710 2# - ENTRADA AGREGADA--NOMBRE DE ENTIDAD CORPORATIVA
Nombre de entidad corporativa o nombre de jurisdicción como elemento de entrada Institut Agrícola Català de Sant Isidre.
9 (RLIN) 176166
852 ## - LOCALIZACIÓN
Ubicación ES-MaACL
Número de control de estantería F-6005
Holdings
Estatus retirado Estado de pérdida Estado de daño No para préstamo Biblioteca de origen Biblioteca actual Ubicación en estantería Fecha de adquisición Fuente de adquisición Total de préstamos Signatura topográfica completa Código de barras Visto por última vez Precio de reemplazo Tipo de ítem Koha
        Biblioteca del Ateneo de Madrid Biblioteca del Ateneo de Madrid Depósito 2 17/01/2008     F-6005 1128460 23/02/2023 23/02/2023 Libro impreso